The Oxford handbook of Carl Schmitt (Registro nro. 306003)

Detalles MARC
000 -ENCABEZADO
Número de control [NR] 01227cam a2200301 i 4500
005 - FECHA Y HORA DE LA ÚLTIMA TRANSACCIÓN
control field 20170424075329.0
008 - DE LONGITUD FIJA DE DATOS DE ELEMENTOS - INFORMACIÓN GENERAL
Elementos de longitud fija [NR] 170323s2016 xxua 001 0 eng d
010 ## - NUMERO DE CONTROL DE LA BIBLIOTECA DEL CONGRESO (LC) [NR]
Número de control LC [NR] 2016017266
020 ## - NUMERO INTERNACIONAL NORMALIZADO PARA LIBROS [R]
Número Internacional Normalizado del libro [NR] 9780199916931
035 ## - NUMERO DE CONTROL DEL SISTEMA [R]
Número de control del sistema [NR] (OCoLC)952226596
040 ## - FUENTE DE CATALOGACION [NR]
Agencia de catalogación original [NR] CO-BoUCM
Idioma de catalogación [NR] spa
Quien Cataloga Sandra Palacio
Quien Clasifica Sandra Palacio
041 0# - CODIGO DE IDIOMA [R]
Código de idioma para texto/pista de sonido o título separado [R] Inglés
245 04 - MENCION DE TITULO [NR]
Título [NR] The Oxford handbook of Carl Schmitt
Mención de responsabilidad, etc. [NR] editado por Jens Meierhenrich y Oliver Simons
246 30 - FORMA VARIANTE DEL TITULO [R]
Título propiamente dicho/forma breve del título [NR] Handbook of Carl Schmitt
260 ## - PUBLICACION, DISTRIBUCION, ETC. (PIE DE IMPRENTA) [R]
Lugar de publicación, distribución, etc. [R] Nueva York (Estados Unidos)
Nombre del editor, distribuidor, etc. [R] Oxford University Press
Fecha de publicación, distribución, etc. [R] 2016
300 ## - DESCRIPCION FISICA [R]
Extensión [R] xliii, 828 páginas
Otros detalles físicos [NR] ilustraciones
490 0# - MENCION DE SERIE [R]
Mención de serie [R] [Oxford handbooks]
504 ## - NOTA DE BIBLIOGRAFIA, ETC. [R]
Nota de bibliografía, etc. [NR] Incluye referencias bibliográficas e índices
600 10 - ASIENTO SECUNDARIO DE MATERIA - NOMBRE PERSONAL [R]
Nombre personal [NR] Schmitt, Carl
Fechas asociadas con el nombre [NR] 1888-1985
9 (RLIN) 73134
650 #7 - ASIENTO SECUNDARIO DE MATERIA - TERMINO TEMATICO [R]
Término temático o nombre geográfico como elemento de entrada [NR] Ciencia política
Subdivisión general [R] Filosofía
Subdivisión cronológica [R] Siglo XX
9 (RLIN) 340
650 #7 - ASIENTO SECUNDARIO DE MATERIA - TERMINO TEMATICO [R]
Término temático o nombre geográfico como elemento de entrada [NR] Ciencia política
Subdivisión general [R] Historia
Subdivisión cronológica [R] Siglo XX
9 (RLIN) 84832
690 ## - ASUNTO AGREGADO LOCAL DE ENTRADA - TÉRMINO TEMÁTICO (OCLC, RLIN)
Acceso temático local Ciencia política
9 (RLIN) 340
700 1# - ASIENTO SECUNDARIO - NOMBRE PERSONAL [R]
Nombre personal [NR] Meierhenrich, Jens
Término de relación [R] editor
9 (RLIN) 84833
700 1# - ASIENTO SECUNDARIO - NOMBRE PERSONAL [R]
Nombre personal [NR] Simons, Oliver
Término de relación [R] editor
9 (RLIN) 84834
776 08 - ASIENTO DE SOPORTE FISICO ADICIONAL [R]
Texto del despliegue [NR] Online version:
Título [NR] Oxford handbook of Carl Schmitt.
Lugar, editorial y fecha de publicación [NR] New York, NY : Oxford University Press, 2016
Número Internacional Normalizado para Libros - ISBN [R] 9780199916948
Número de control del registro [R] (DLC) 2016029561
942 ## - ELEMENTOS DE ENTRADA AGREGADOS (KOHA)
Sistema de clasificación DEWEY
Tipo de ítem principal el descrito en 300a Libro
Tema principal Ciencia política
Edición 1
Clasificación 327.01
Parte restante de la signatura top. O982cs
Existencias
Fecha de último préstamo Total préstamos Total Renewals Signatura topográfica Código de barras Última vez visto Ejemplar Costo de reposición Price effective from Tipo de ítem Perdido Sistema de clasificación Dañado No prestable Tipo de ítem específico Suprimido Ubicación habitual Ubicación actual Localización Fecha de creación Proveedor Forma de adquisición Costo
20/03/2019 4 7 327.01 O982cs 100152694 05/06/2024 Ej.1 430402.00 14/03/2017 Libro   DEWEY     Libro   Bodega Bodega 3er piso 14/03/2017 19 Compra 430402.00